000 00454nam a22001697a 4500
003 BD-ChCU
005 20260128120029.0
008 260128b bg ||||| |||| 00| 0 ben d
040 _cBD-ChCU
082 _a572 SZC
100 _aSzekely, Edmond.
_919841
245 _aCosmos, man and society :
_ba paneubiotic synthesis.//
_cEdmond Szekely.
260 _aAshingdon
_bC. W. Daniel.
_c1948
300 _a847p
650 0 _a.
_919844
942 _2ddc
_cBK
_n0
999 _c111348
_d111348